=LDR 00000nam 2200000 4500 =001 INLIS000000000033523 =005 20130612135455 =008 ***********************************ind** =035 ##$$0010-061300000033523 =041 ##$$a ind =082 ##$$a 519.5 =090 ##$$a 519.5, Sem t =100 ##$$a Sembiring, R. K =245 ##$$a Teori peluang, R.k. Sembiring =260 ##$$a 2008 $b Bandung =300 ##$$a 112 hhlm, Ilus, 29 cm =650 ##$$a Matematika Statistik =850 ##$$a NBPNMAT